Building New Paths in China - CEEC Academic & Research Cooperation: Initiatives in the Educational Cooperation of the University of Economics in Bratislava with the Zhejiang Province

Akademická a výskumná kooperácia. Aktivity Ningbo, Zheijang provincie. Kooperácia Ekonomickej Univerzity v Bratislave s Ningbo, Zheijang provinciou.

Salvato in:
Dettagli Bibliografici
Autore principale: Mattoš, Boris, 1977-
Natura: Capitolo di libro
Lingua:inglese
Soggetti:
Tags: Aggiungi Tag
Nessun Tag, puoi essere il primo ad aggiungerne!!

MARC

LEADER 00000naa$a2200000$$$4500
001 0258393
005 20240502083734.4
041 0 |a eng 
044 |a HU 
245 1 0 |a Building New Paths in China - CEEC Academic & Research Cooperation: Initiatives in the Educational Cooperation of the University of Economics in Bratislava with the Zhejiang Province  |c Boris Mattoš 
520 |a Akademická a výskumná kooperácia. Aktivity Ningbo, Zheijang provincie. Kooperácia Ekonomickej Univerzity v Bratislave s Ningbo, Zheijang provinciou. 
610 2 0 |a výskum 
610 2 0 |a spolupráca vedecká 
610 2 0 |a kooperácia 
610 2 0 |a Čína 
100 1 |a Mattoš, Boris, 1977-